Similarly Populated Country Blitz Quiz Stats

 Plays Quiz Updated Jul 2, 2018

Challenge
Share
Tweet
Embed
Score 0/197 Timer 04:00
11 Plays Today
% Correct
Czechia
97.5%
Bolivia
97.5%
Belgium
97.5%
Somalia
97.5%
Dominican Republic
97.5%
Morocco
97.4%
Iraq
97.4%
Thailand
96.6%
France
96.6%
United Kingdom
96.6%
Italy
96.6%
Colombia
96.6%
Ukraine
96.6%
Hungary
96.5%
Haiti
96.5%
Benin
96.5%
Tunisia
96.4%
Portugal
96.4%
Greece
96.4%
Taiwan
96%
Chad
95.6%
Cuba
95.6%
South Sudan
95.5%
Guinea
95.4%
Central African Republic
95.1%
Turkmenistan
95.1%
North Korea
95.1%
Peru
95.1%
Finland
95%
Norway
94.9%
Germany
94.9%
Turkey
94.9%
Iran
94.9%
Sudan
94.8%
Uganda
94.8%
Egypt
94.7%
Cameroon
94.6%
Mozambique
94.5%
Sweden
94.3%
Slovakia
94.2%
United Arab Emirates
94.2%
Singapore
94.2%
Afghanistan
94.1%
Nepal
94.1%
Sierra Leone
94.1%
Denmark
94.1%
Malaysia
94.1%
Belarus
93.8%
Azerbaijan
93.8%
United States
93.7%
Poland
93.6%
Algeria
93.6%
Kyrgyzstan
93.6%
Niger
93.5%
South Africa
93.5%
Tanzania
93.5%
Spain
93.5%
Madagascar
93.4%
Ireland
93.3%
Australia
93.3%
Syria
93.3%
Cote d'Ivoire
93.3%
Romania
92.7%
Sri Lanka
92.7%
Kazakhstan
92.7%
Chile
92.7%
% Correct
Netherlands
92.7%
Malawi
92.7%
Costa Rica
92.3%
Kenya
92.1%
Democratic Republic of Congo
92%
Mali
91.9%
South Korea
91.8%
Canada
91.7%
Nicaragua
91.6%
Israel
91.5%
Angola
91.4%
Burkina Faso
91.4%
China
91.1%
Uzbekistan
90.6%
Venezuela
90.6%
Tajikistan
90.6%
Libya
90.5%
Pakistan
90.3%
Ecuador
90.3%
Oman
90.1%
El Salvador
89.7%
Paraguay
89.5%
Armenia
89.4%
New Zealand
89.4%
Uruguay
89.3%
Argentina
89.2%
Republic of Congo
89.1%
Switzerland
88.8%
Mongolia
87.8%
Jamaica
87.8%
Croatia
87.6%
Palestine
87.6%
Laos
87.4%
Japan
87.3%
Mexico
87.3%
Georgia
86.9%
Saudi Arabia
86.7%
Burundi
86.7%
Honduras
86.5%
Austria
86.5%
Rwanda
86.4%
Albania
86.3%
Togo
86.1%
Jordan
85.3%
Papua New Guinea
85.3%
Brazil
85.3%
India
85%
Serbia
84.9%
Eritrea
84.7%
Bulgaria
83.4%
Qatar
82.9%
Slovenia
82.9%
Yemen
82.3%
Ghana
82.3%
Mauritania
82%
Guatemala
81.1%
Zambia
81.1%
Macedonia
81%
Russia
80.9%
Botswana
79.3%
Moldova
78%
Panama
78%
Bahamas
77.7%
Iceland
77.7%
Lebanon
77.6%
Cambodia
77.6%
% Correct
Bahrain
77.3%
Vietnam
77%
Ethiopia
77%
Lesotho
76%
Namibia
75.9%
Latvia
75.9%
Bosnia and Herzegovina
75.8%
Lithuania
75.6%
Senegal
74.7%
Zimbabwe
74.7%
Estonia
74.3%
Trinidad and Tobago
74.3%
Belize
74.2%
Liberia
74.2%
Barbados
72.9%
Timor-Leste
72.3%
Gambia
70.4%
Mauritius
70.4%
Bhutan
69.2%
Seychelles
69%
Antigua and Barbuda
69%
Andorra
69%
Vatican City
67.8%
Cyprus
66.3%
Kuwait
66%
Comoros
65.6%
Guyana
65.6%
Suriname
65.4%
eSwatini
65.2%
Equatorial Guinea
64.3%
Nigeria
63.8%
Bangladesh
63.8%
Djibouti
63.3%
San Marino
62.8%
Monaco
62.8%
Kosovo
62.7%
Saint Vincent and the Grenadines
62.4%
Grenada
62.4%
Tonga
62.4%
Micronesia
62.4%
Kiribati
62.4%
Cabo Verde
60.8%
Indonesia
60.1%
Brunei
57.2%
Malta
57.2%
Maldives
57.2%
Dominica
52.8%
Marshall Islands
51.8%
Solomon Islands
51.2%
Fiji
50.5%
Luxembourg
50.1%
Guinea Bissau
43.6%
Gabon
43.5%
Montenegro
43.3%
Samoa
42.6%
Sao Tome and Principe
42.6%
Nauru
41.6%
Vanuatu
41.4%
Saint Kitts and Nevis
40.3%
Saint Lucia
40.1%
Palau
40%
Liechtenstein
38.6%
Philippines
37.4%
Tuvalu
37.2%
Myanmar
29.3%

You're not logged in!

Compare scores with friends on all Sporcle quizzes.
OR
Log In

You Might Also Like...

Show Comments

Extras

Top Quizzes Today


Score Distribution

Your Account Isn't Verified!

In order to create a playlist on Sporcle, you need to verify the email address you used during registration. Go to your Sporcle Settings to finish the process.

Report this User

Report this user for behavior that violates our Community Guidelines.

Details: